| 000 | 00422nam a22001577a 4500 | ||
|---|---|---|---|
| 005 | 20241113173238.0 | ||
| 008 | 241113b |||||||| |||| 00| 0 eng d | ||
| 020 | _a9780802412799 | ||
| 050 |
_aBT767 _bD412 2004 |
||
| 100 | _aDemoss Nancy Leigh | ||
| 245 |
_aHoliness _bThe Heart that God Purifies |
||
| 260 |
_aChicago, USA _bMoody Publishers _c2005 |
||
| 300 |
_a215 cm _c19 cm |
||
| 650 | _2Theology | ||
| 942 |
_2lcc _cBK _n0 |
||
| 999 |
_c1148 _d1148 |
||